David Hughes Last Newport County Starting 11 - Statistics

General Stats
  • This quiz has been taken 2 times
  • The average score is 6 of 11
Answer Stats
Position Answer % Correct
RST Courtney Baker-Richardson
100%
GK Jordan Wright
100%
RCB Lee Jenkins
100%
CB Akinwale Odimayo
50%
AM Ben Lloyd
50%
DM Cameron Antwi
50%
LCB Cameron Evans
50%
RB Habeeb Ogunneye
50%
DM Sammy Braybrooke
50%
LB Anthony Driscoll-Glennon
0%
LST Gerard Garner
0%
No matching quizzes found
Score Distribution
Percent of People with Each Score
Percentile by Number Answered
Your Score History
You have not taken this quiz